[Event "ICS rated blitz match"]
[Site "204.178.125.65"]
[Date "2000.03.22"]
[Round "?"]
[White "Hossa"]
[Black "Zippy"]
[Result "1/2-1/2"]
[WhiteElo "2422"]
[BlackElo "2185"]
[PlyCount "201"]

1. d4 Nf6 2. c4 e6 3. Nc3 Bb4 4. a3 Bxc3+ 5. bxc3 c5 6. e3 Qa5 7. Ne2 cxd4 8.
exd4 Nc6 9. Bd2 Ne4 10. Ng3 Nxd2 11. Qxd2 O-O 12. Be2 b6 13. O-O Ba6 14. Rfb1
f5 15. Bf1 Rac8 16. a4 e5 17. d5 Ne7 18. d6 Ng6 19. Rb4 Nf4 20. Ne2 Ne6 21. Nc1
Nc5 22. Qd5+ Kh8 23. Qxe5 Rce8 24. Qf4 Rf6 25. Qd4 Ree6 26. Ne2 Rxd6 27. Qe5
Rfe6 28. Qxf5 Re8 29. Qf7 Rg8 30. Ng3 Rf6 31. Qe7 Bb7 32. Qe5 Rgf8 33. Rb5 Qa6
34. Rb2 Re6 35. Qg5 Qa5 36. Ra3 h6 37. Qg4 Rf7 38. Qh5 Rff6 39. Rba2 Bc6 40.
Qd1 Re5 41. Be2 a6 42. Qd4 Ne6 43. Qd2 Qc5 44. Bf1 Nf4 45. Qd4 Re1 46. Qxc5
bxc5 47. f3 Rfe6 48. Ra1 R1e3 49. Rb1 Re8 50. Nf5 Re1 51. Rxe1 Rxe1 52. Nd6 Rd1
53. Nf7+ Kh7 54. Ne5 Ba8 55. Kf2 d6 56. Nd7 Bc6 57. Nb8 Bb7 58. Rb3 Bc8 59. Rb6
a5 60. Rb5 Rc1 61. Rxa5 Rxc3 62. Ra7 Be6 63. Ra6 Rc2+ 64. Ke3 Nxg2+ 65. Bxg2
Bxc4 66. Rxd6 Re2+ 67. Kf4 Rxg2 68. h4 Rh2 69. Kg3 Ra2 70. Nd7 Rxa4 71. Nxc5
Ra3 72. Rd8 Be2 73. Rf8 Ra2 74. h5 Ra5 75. Rf5 Bc4 76. Re5 Rb5 77. f4 Ra5 78.
Kg4 Ra2 79. Kh3 Rc2 80. Ne4 Bf1+ 81. Kg3 Rg2+ 82. Kf3 Rb2 83. Nd6 Rh2 84. Nc8
Bc4 85. Ne7 Bf7 86. Kg4 Rg2+ 87. Kh3 Rf2 88. Rf5 Be6 89. Kg3 Bxf5 90. Kxf2 Bg4
91. Ke3 Bxh5 92. f5 Be8 93. Ke4 h5 94. Kf4 Kh6 95. Ng8+ Kh7 96. Ne7 Bb5 97. Kg5
Be2 98. Nd5 Bf3 99. Nf4 Be4 100. Nxh5 Bxf5 101. Nxg7 1/2-1/2

[Event "ICS rated blitz match"]
[Site "204.178.125.65"]
[Date "2000.03.22"]
[Round "?"]
[White "Zippy"]
[Black "Hossa"]
[Result "0-1"]
[WhiteElo "2194"]
[BlackElo "2413"]
[PlyCount "186"]

1. c4 c5 2. Nf3 Nf6 3. g3 g6 4. b3 Bg7 5. Bb2 Nc6 6. Bg2 e6 7. O-O d5 8. Ne5
Nxe5 9. Bxe5 d4 10. e3 O-O 11. exd4 cxd4 12. Re1 d3 13. Qf3 Nh5 14. Bxg7 Nxg7
15. Bf1 Nf5 16. Nc3 Kh8 17. Bxd3 Nd4 18. Qe3 Qf6 19. Be4 Kg8 20. Qh6 e5 21. Nd5
Qd8 22. Ne3 Ne6 23. Bd5 Nc5 24. f3 Nd3 25. Re2 Nb4 26. a3 Nd3 27. b4 a5 28. b5
Rb8 29. Kh1 Be6 30. Bxe6 fxe6 31. Rf1 Qd6 32. Ng4 Rbc8 33. Qh4 Kg7 34. Re3 Kh8
35. Nf2 Nb2 36. Ne4 Qd7 37. d3 Qd4 38. Qh6 Rf7 39. Rb1 Kg8 40. Rbe1 Rcf8 41.
Ng5 Nxd3 42. Nxf7 Rxf7 43. Rf1 b6 44. c5 bxc5 45. b6 c4 46. Rb1 Rb7 47. Rf1
Rxb6 48. Re2 Rb2 49. Rxb2 Nxb2 50. Qg5 Qd3 51. Kg2 Qd6 52. Rc1 Qd4 53. Kh3 Nd3
54. Rb1 Qd6 55. Qh4 Qc7 56. Qf6 c3 57. Qxe6+ Kg7 58. Qd5 c2 59. Rb7 Qxb7 60.
Qxb7+ Kh6 61. Qd5 Nf2+ 62. Kg2 c1=Q 63. Kxf2 Qb2+ 64. Kg1 a4 65. Qd3 Qd4+ 66.
Qxd4 exd4 67. Kf2 Kg5 68. Ke2 Kf5 69. Kd3 Ke5 70. f4+ Kd5 71. g4 h6 72. h4 Kc5
73. Ke4 Kc4 74. h5 gxh5 75. g5 hxg5 76. fxg5 d3 77. g6 d2 78. g7 d1=Q 79. g8=Q+
Kc3 80. Qg7+ Kb3 81. Qg3+ Kb2 82. Qh3 Qg4+ 83. Qxg4 hxg4 84. Ke3 Kxa3 85. Kf2
Kb2 86. Ke3 a3 87. Kf4 a2 88. Kg3 a1=Q 89. Kf2 Qa3 90. Ke1 Qf3 91. Kd2 Qe4 92.
Kd1 Kc3 93. Kc1 Qe1# 0-1

[Event "ICS rated bullet match"]
[Site "204.178.125.65"]
[Date "2000.03.22"]
[Round "?"]
[White "Hossa"]
[Black "knitemover"]
[Result "1-0"]
[WhiteElo "2405"]
[BlackElo "1296"]
[PlyCount "35"]

1. d4 Nf6 2. c4 e5 3. dxe5 Ng4 4. Nf3 Nc6 5. Bg5 Be7 6. Bxe7 Qxe7 7. Nc3 Ngxe5
8. Nd5 Nxf3+ 9. gxf3 Qd8 10. Qb3 O-O 11. O-O-O Na5 12. Qc3 c6 13. Rg1 g6 14.
Nf6+ Kh8 15. Nxd7+ Kg8 16. Nf6+ Kh8 17. Nh5+ Kg8 18. Qg7# 1-0

[Event "ICS rated blitz match"]
[Site "204.178.125.65"]
[Date "2000.03.22"]
[Round "?"]
[White "QueenMaxima"]
[Black "Hossa"]
[Result "1-0"]
[WhiteElo "2398"]
[BlackElo "2420"]
[PlyCount "121"]

1. d4 d5 2. Nf3 Nf6 3. c4 e6 4. Nc3 c6 5. Qb3 Nbd7 6. g3 dxc4 7. Qxc4 Nb6 8.
Qb3 c5 9. dxc5 Bxc5 10. Bg2 O-O 11. h3 Nbd5 12. Nxd5 exd5 13. O-O Bb6 14. Be3
Bxe3 15. Qxe3 Bf5 16. Rfc1 Re8 17. Qf4 Be4 18. Qc7 Qe7 19. Qxe7 Rxe7 20. Rc5
Bxf3 21. Bxf3 d4 22. Rac1 Rae8 23. Rc7 b5 24. Rxe7 Rxe7 25. Rd1 Rc7 26. Rxd4 h5
27. e4 Re7 28. Bg2 a5 29. f4 Rd7 30. Rxd7 Nxd7 31. f5 Ne5 32. Bf1 Nc4 33. Bxc4
bxc4 34. Kf2 Kf8 35. Ke3 Ke7 36. Kd4 Kf6 37. Kxc4 Ke5 38. Kd3 Kd6 39. Kd4 f6
40. b3 Kc6 41. e5 fxe5+ 42. Kxe5 Kd7 43. Kf4 Ke7 44. Kg5 Kf7 45. Kxh5 Kf6 46.
g4 Kf7 47. g5 Ke7 48. Kg6 Kf8 49. a4 Ke7 50. Kxg7 Kd6 51. f6 Kc5 52. f7 Kb4 53.
f8=Q+ Kc3 54. Qf7 Kd4 55. Qc4+ Ke3 56. g6 Kf3 57. Kf7 Kf2 58. g7 Ke3 59. g8=Q
Kf3 60. Qd3+ Kf4 61. Qgg3# 1-0

[Event "ICS rated bullet match"]
[Site "204.178.125.65"]
[Date "2000.03.22"]
[Round "?"]
[White "KyFats"]
[Black "Hossa"]
[Result "1-0"]
[WhiteElo "2119"]
[BlackElo "2405"]
[PlyCount "133"]

1. e4 e5 2. Nf3 Nc6 3. Bb5 a6 4. Ba4 Nf6 5. O-O Be7 6. Re1 b5 7. Bb3 O-O 8. c3
d5 9. exd5 Nxd5 10. Nxe5 Nxe5 11. Rxe5 c6 12. d4 Bd6 13. Re1 Qh4 14. g3 Qh3 15.
Be3 Bg4 16. Qd3 Rae8 17. Nd2 Re6 18. a4 Qh5 19. axb5 axb5 20. Qf1 Rfe8 21. Bxd5
Qxd5 22. Qg2 Qh5 23. f3 Bh3 24. Qf2 f5 25. Bf4 Rxe1+ 26. Rxe1 Bxf4 27. Rxe8+
Qxe8 28. gxf4 Qe6 29. b3 Qe7 30. b4 Qe6 31. Nf1 Qc4 32. Qe1 Qxf1+ 33. Qxf1 Bxf1
34. Kxf1 Kf7 35. Ke2 Ke6 36. Ke3 Kd6 37. Kd2 g6 38. Ke2 Kd5 39. Kd3 Ke6 40. Ke3
Kd5 41. Ke2 Kc4 42. Kd2 Kd5 43. Kc1 Kc4 44. Kc2 Kd5 45. Kb3 h6 46. Kc2 h5 47.
h4 Kc4 48. Kd2 Kd5 49. Kd3 Ke6 50. c4 bxc4+ 51. Kxc4 Kd6 52. d5 cxd5+ 53. Kd4
Kc6 54. Ke5 d4 55. Kxd4 Kd6 56. b5 Kc7 57. Kc5 Kc8 58. Kc6 Kd8 59. b6 Ke7 60.
b7 Kf7 61. b8=Q Kg7 62. Qe8 g5 63. fxg5 f4 64. Qe7+ Kh8 65. g6 Kg8 66. Qf7+ Kh8
67. Qf8# 1-0

[Event "ICS rated blitz match"]
[Site "204.178.125.65"]
[Date "2000.03.22"]
[Round "?"]
[White "Hossa"]
[Black "QueenMaxima"]
[Result "0-1"]
[WhiteElo "2403"]
[BlackElo "2415"]
[PlyCount "140"]

1. Nf3 Nf6 2. g3 g6 3. Bg2 Bg7 4. O-O O-O 5. d4 d6 6. c4 Bf5 7. Nc3 c6 8. d5
Qc8 9. Nd4 Bh3 10. Bxh3 Qxh3 11. Nf3 h6 12. e4 cxd5 13. cxd5 Nbd7 14. Be3 Ng4
15. Bd4 Bxd4 16. Ne2 Be5 17. Kh1 f5 18. Qb1 Ndf6 19. Neg1 Qh5 20. exf5 gxf5 21.
Qd3 Ne4 22. Kg2 Bxb2 23. Rab1 Nc5 24. Qc2 Bg7 25. Ne2 Rac8 26. Nf4 Qe8 27. Qe2
Qd7 28. Kh1 Ne4 29. Rb3 Be5 30. Ne6 Rf7 31. Ra3 Ra8 32. Rb3 Rc8 33. Ra3 Ra8 34.
Rb3 Rc8 35. Ra3 a6 36. Ra5 Bc3 37. Ra3 Ngf6 38. Qd3 Bb4 39. Rb3 Bc5 40. Rb2 Ng4
41. Nfd4 Ne5 42. Qd1 b6 43. Rc2 Bxd4 44. Nxd4 Rc5 45. f3 Nf6 46. Qc1 Kh7 47. f4
Ng6 48. Ne6 Rxc2 49. Qxc2 Nxd5 50. Re1 Rf6 51. Nd4 e5 52. fxe5 dxe5 53. Nb3 Nb4
54. Qg2 Rc6 55. a3 Nc2 56. Rc1 e4 57. a4 Nb4 58. Qg1 Qd5 59. Rb1 e3+ 60. Qg2
Qd3 61. Rb2 Qd1+ 62. Qg1 e2 63. Rb1 Rd6 64. Kg2 Nf4+ 65. gxf4 Rg6+ 66. Kf2 Rxg1
67. Rxd1 exd1=Q 68. Nd2 Qe1+ 69. Kf3 Nd3 70. h4 Rg3# 0-1

[Event "ICS rated bullet match"]
[Site "204.178.125.65"]
[Date "2000.03.22"]
[Round "?"]
[White "Hossa"]
[Black "Techno-Junky"]
[Result "1-0"]
[WhiteElo "2380"]
[BlackElo "1798"]
[PlyCount "25"]

1. e4 d5 2. exd5 Qxd5 3. Nc3 Qa5 4. d4 e5 5. Nf3 Bg4 6. h3 Bxf3 7. Qxf3 Nc6 8.
Bb5 exd4 9. Bxc6+ bxc6 10. Qxc6+ Ke7 11. O-O dxc3 12. Re1+ Kd8 13. Re8# 1-0

[Event "ICS rated bullet match"]
[Site "204.178.125.65"]
[Date "2000.03.22"]
[Round "?"]
[White "pAuperZOOI"]
[Black "Hossa"]
[Result "0-1"]
[WhiteElo "1002"]
[BlackElo "2381"]
[PlyCount "52"]

1. e4 c5 2. d3 e6 3. c4 Nc6 4. Nc3 Nf6 5. Be2 d5 6. Bf3 d4 7. Nb5 a6 8. Na3 Bd6
9. Bg5 h6 10. Bxf6 Qa5+ 11. Qd2 Qxd2+ 12. Kxd2 gxf6 13. Nh3 e5 14. Bg4 Bxg4 15.
f3 Bxh3 16. gxh3 Rg8 17. Rhg1 Rxg1 18. Rxg1 Nb4 19. Rg8+ Bf8 20. Ke2 Nxa2 21.
Nc2 Nb4 22. Nxb4 cxb4 23. c5 Rc8 24. Kd2 Rxc5 25. b3 Rc3 26. f4 Rxb3 0-1

[Event "ICS rated bullet match"]
[Site "204.178.125.65"]
[Date "2000.03.22"]
[Round "?"]
[White "Hossa"]
[Black "Danowich"]
[Result "1-0"]
[WhiteElo "2381"]
[BlackElo "1174"]
[PlyCount "58"]

1. d4 g6 2. c4 Nf6 3. Nc3 Bg7 4. e4 d6 5. Nf3 O-O 6. Bg5 Nbd7 7. Bd3 Re8 8. O-O
e5 9. Qd2 exd4 10. Nxd4 h6 11. Bxh6 Bxh6 12. Qxh6 Qe7 13. Nd5 Nxd5 14. cxd5 Qf8
15. Qxf8+ Kxf8 16. Nb5 Re7 17. Nxc7 Rb8 18. Nb5 a6 19. Nxd6 Ne5 20. Be2 Bg4 21.
f3 Bh5 22. g4 Rd8 23. Nxf7 Kxf7 24. gxh5 gxh5 25. f4 Rg8+ 26. Kf2 Ng6 27. Ke3
Kg7 28. f5 Nf8 29. f6+ Kf7 1-0

[Event "ICS rated blitz match"]
[Site "204.178.125.65"]
[Date "2000.03.22"]
[Round "?"]
[White "JudgeTurpin"]
[Black "Hossa"]
[Result "1-0"]
[WhiteElo "2521"]
[BlackElo "2384"]
[PlyCount "117"]

1. e4 e5 2. Nf3 Nc6 3. Bb5 a6 4. Ba4 Nf6 5. O-O Be7 6. Re1 b5 7. Bb3 O-O 8. c3
d5 9. exd5 Nxd5 10. Nxe5 Nxe5 11. Rxe5 c6 12. d3 Bd6 13. Re1 Bf5 14. Qf3 Re8
15. Rxe8+ Qxe8 16. Nd2 Qe1+ 17. Nf1 Be6 18. Qd1 Qxd1 19. Bxd1 b4 20. c4 Ne7 21.
Be3 Re8 22. Bf3 Rd8 23. Re1 Kf8 24. b3 c5 25. Ng3 Nf5 26. Nxf5 Bxf5 27. Be4
Bxe4 28. dxe4 Be7 29. Kf1 a5 30. Ke2 a4 31. g3 a3 32. f4 h5 33. Rd1 Rxd1 34.
Kxd1 Ke8 35. Kc2 Kd7 36. Kd3 Kc6 37. h3 Bd6 38. e5 Be7 39. f5 h4 40. g4 Bd8 41.
g5 Bc7 42. Ke4 Bd8 43. g6 fxg6 44. fxg6 Be7 45. Bh6 Bf8 46. Bg5 Kd7 47. Bxh4
Ke6 48. Bg5 Be7 49. Bxe7 Kxe7 50. Kd5 Kd7 51. h4 Kd8 52. Kd6 Ke8 53. h5 Kd8 54.
e6 Kc8 55. e7 Kb7 56. e8=Q Kb6 57. Qb5+ Ka7 58. Kc6 Ka8 59. Qb7# 1-0

[Event "ICS rated blitz match"]
[Site "204.178.125.65"]
[Date "2000.03.22"]
[Round "?"]
[White "Hossa"]
[Black "JudgeTurpin"]
[Result "1-0"]
[WhiteElo "2374"]
[BlackElo "2531"]
[PlyCount "179"]

1. e4 c5 2. Nf3 e6 3. d4 cxd4 4. Nxd4 a6 5. Bd3 Nf6 6. O-O d6 7. c4 g6 8. Nc3
Bg7 9. Be3 O-O 10. Rc1 b6 11. Qd2 Bb7 12. Rcd1 Nc6 13. Nxc6 Bxc6 14. Bc2 Ne8
15. Bh6 Qc7 16. Bxg7 Kxg7 17. Rfe1 Rd8 18. Re3 Nf6 19. Rh3 h5 20. Bd3 Nd7 21.
Be2 Nf6 22. Qf4 e5 23. Qe3 Bd7 24. Rh4 Rc8 25. Bf1 Qc5 26. Qd2 Rfd8 27. Be2 Ng4
28. Qe1 Nf6 29. Nd5 Nxd5 30. Rxd5 Qc6 31. Rd1 Be6 32. b3 Qd7 33. f4 Qc6 34. f5
Qc5+ 35. Kf1 Bd7 36. Qd2 a5 37. Qg5 Rh8 38. Rxh5 Rxh5 39. Bxh5 Rh8 40. f6+ Kf8
41. Bxg6 Rg8 42. Qh6+ Ke8 43. Bxf7+ Kxf7 44. Qh7+ Kxf6 45. Qxg8 Qc6 46. Rd2 Be8
47. Qf8+ Ke6 48. Qh6+ Kd7 49. Qg7+ Kd8 50. Qxe5 Kc7 51. Qe7+ Qd7 52. Qf6 Qc6
53. e5 dxe5 54. Qxe5+ Kb7 55. Rd8 Bd7 56. Qe7 Kc7 57. Rf8 Kb7 58. Rf7 Kc8 59.
Kf2 Qc7 60. a3 Qc6 61. Rf8+ Kb7 62. Qe5 Qh6 63. Qe4+ Kc7 64. Qf4+ Qxf4+ 65.
Rxf4 Be8 66. g4 Bg6 67. h4 Bc2 68. b4 Kd6 69. Rf6+ Kc7 70. bxa5 bxa5 71. h5 Kd7
72. Ke3 Ke7 73. g5 Bb3 74. h6 Bc2 75. Ra6 Kf7 76. g6+ Bxg6 77. Rxg6 Kxg6 78.
Ke4 Kxh6 79. c5 Kg5 80. c6 Kh4 81. c7 Kg5 82. a4 Kf6 83. c8=Q Ke7 84. Ke5 Kf7
85. Kf5 Kg7 86. Qc7+ Kf8 87. Qxa5 Ke8 88. Qc7 Kf8 89. Kf6 Kg8 90. Qg7# 1-0

[Event "ICS rated blitz match"]
[Site "204.178.125.65"]
[Date "2000.03.22"]
[Round "?"]
[White "QueenMaxima"]
[Black "Hossa"]
[Result "1-0"]
[WhiteElo "2404"]
[BlackElo "2397"]
[PlyCount "123"]

1. d4 d5 2. c4 e6 3. Nc3 c5 4. cxd5 exd5 5. e3 Nf6 6. Nf3 Nc6 7. Be2 Bf5 8. O-O
c4 9. Bd2 Bb4 10. Ne5 O-O 11. Ne4 Bxd2 12. Nxc6 bxc6 13. Nxf6+ Qxf6 14. Qxd2
Rfb8 15. Rfd1 Rb7 16. Qc1 g6 17. Qc3 Rab8 18. Rd2 Re8 19. Bd1 Rb5 20. b3 cxb3
21. axb3 Re7 22. Rda2 Rbb7 23. Ra6 Qh4 24. Rxc6 Re8 25. Bf3 Be6 26. Rc7 Rxc7
27. Qxc7 a6 28. Qb7 Rd8 29. Qxa6 Qe7 30. Qb6 Rc8 31. b4 Rc2 32. Qa5 Qd7 33. Bd1
Rc8 34. b5 Bf5 35. b6 Qc6 36. Qa7 Qd6 37. b7 Re8 38. Qa8 Bd7 39. Ba4 Bxa4 40.
Rxa4 Rf8 41. Qxf8+ Kxf8 42. Ra8+ Ke7 43. b8=Q Qxb8 44. Rxb8 h6 45. g4 Ke6 46.
Rd8 f6 47. f3 h5 48. gxh5 gxh5 49. h4 Kf5 50. Rxd5+ Kg6 51. Kg2 Kg7 52. e4 Kh6
53. e5 fxe5 54. Rxe5 Kg6 55. f4 Kh6 56. d5 Kg6 57. Kg3 Kh6 58. Rg5 Kh7 59. d6
Kh8 60. d7 Kh7 61. d8=Q Kh6 62. Qh8# 1-0

[Event "ICS rated bullet match"]
[Site "204.178.125.65"]
[Date "2000.03.22"]
[Round "?"]
[White "raheemAS"]
[Black "Hossa"]
[Result "0-1"]
[WhiteElo "1462"]
[BlackElo "2381"]
[PlyCount "66"]

1. e4 c5 2. Nc3 Nc6 3. g3 g6 4. Bg2 Bg7 5. d3 d6 6. f4 e6 7. Nf3 Nge7 8. O-O
O-O 9. Bd2 f5 10. Rb1 fxe4 11. dxe4 Bd7 12. e5 dxe5 13. fxe5 Nxe5 14. Nxe5 Bxe5
15. Qe2 Bd4+ 16. Kh1 Qc7 17. Bh6 Rf5 18. Bf4 Qc8 19. Ne4 Nd5 20. Ng5 Nxf4 21.
gxf4 Kh8 22. Qg4 c4 23. Qh4 h5 24. h3 Ba4 25. c3 Bb6 26. Rbe1 Bd8 27. Nxe6 Bxh4
28. Ng5 Bxe1 29. Rxe1 Bc6 30. Ne6 Bxg2+ 31. Kxg2 Qc6+ 32. Kg3 Qd6 33. Nf8 Qxf4+
0-1

[Event "ICS rated bullet match"]
[Site "204.178.125.65"]
[Date "2000.03.22"]
[Round "?"]
[White "Hossa"]
[Black "MEL80"]
[Result "1-0"]
[WhiteElo "2390"]
[BlackElo "2178"]
[PlyCount "79"]

1. d4 c6 2. e4 d5 3. exd5 cxd5 4. Nf3 Nc6 5. Bf4 Nf6 6. Nbd2 e6 7. Bb5 Bd6 8.
Bxd6 Qxd6 9. c3 Bd7 10. O-O a6 11. Bxc6 Bxc6 12. Re1 Nd7 13. Qe2 O-O 14. b3 h6
15. a4 Nf6 16. Ne5 b5 17. axb5 axb5 18. Qd3 Rxa1 19. Rxa1 Nd7 20. Ndf3 f6 21.
Nxc6 Qxc6 22. Qe2 Re8 23. Ra7 Qd6 24. Qxb5 Rd8 25. g3 Qb6 26. Qa4 Qd6 27. c4
dxc4 28. bxc4 Nb6 29. Qb5 Nd7 30. Rb7 Kh7 31. Qb1+ Kg8 32. Qb2 Qe7 33. Qa2 Qd6
34. Qa5 Re8 35. Qb5 Rd8 36. Qa4 Nf8 37. Qa5 Ng6 38. Qa7 Rc8 39. Rxg7+ Kf8 40.
Qf7# 1-0

[Event "ICS rated blitz match"]
[Site "204.178.125.65"]
[Date "2000.03.22"]
[Round "?"]
[White "Hossa"]
[Black "RedBear"]
[Result "1-0"]
[WhiteElo "2381"]
[BlackElo "2566"]
[PlyCount "193"]

1. e4 e5 2. Nf3 Nc6 3. Bb5 a6 4. Ba4 Nf6 5. O-O Be7 6. Re1 b5 7. Bb3 d6 8. c3
O-O 9. h3 Bb7 10. d4 Re8 11. Nbd2 Bf8 12. a4 h6 13. Bc2 exd4 14. cxd4 Nb4 15.
Bb1 c5 16. d5 Nd7 17. Ra3 f5 18. exf5 Nf6 19. Ne4 Bxd5 20. Nxf6+ Qxf6 21. Rae3
Bf7 22. Nh2 Rxe3 23. Rxe3 d5 24. Ng4 Qd4 25. Qf1 Qc4 26. Qd1 Qd4 27. Qf1 Bh5
28. Rg3 Bd6 29. Nxh6+ Kh8 30. Rg5 Be8 31. Ng4 Bc7 32. Qe2 Qc4 33. Qxc4 bxc4 34.
f6 gxf6 35. Nxf6 Bf7 36. Nd7 Re8 37. Kf1 Re7 38. Bf5 d4 39. g3 Na2 40. Bf4 Bxf4
41. gxf4 Nc1 42. Nxc5 Re2 43. Nd7 Rd2 44. Ne5 Rd1+ 45. Kg2 Bd5+ 46. f3 Rd2+ 47.
Kf1 Rd1+ 48. Kf2 Bg8 49. Ng6+ Kg7 50. Ne7+ Kf8 51. Nxg8 Rd2+ 52. Kg3 Rxb2 53.
Nf6 Ne2+ 54. Kg4 Ke7 55. Nd5+ Kd6 56. Be4 c3 57. Rg6+ Kc5 58. Nc7 a5 59. Rc6+
Kb4 60. Bd3 Rd2 61. Nd5+ Kb3 62. Bc4+ Kc2 63. Rc5 Ng1 64. Kg3 Ne2+ 65. Bxe2
Rxe2 66. f5 Kd2 67. f6 Re8 68. Rc4 Kd3 69. Rc7 Kd2 70. f7 Rf8 71. Rc4 Kd3 72.
Rc5 Kd2 73. Nc7 d3 74. Ne6 Rxf7 75. Ng5 c2 76. Nxf7 c1=Q 77. Rxc1 Kxc1 78. Ne5
d2 79. Nd3+ Kc2 80. Nf2 Kc3 81. Ne4+ Kd4 82. Nxd2 Ke5 83. Nc4+ Kd5 84. Nxa5 Kc5
85. h4 Kd6 86. Nb7+ Kd5 87. a5 Kc6 88. h5 Kb5 89. h6 Ka6 90. h7 Kb5 91. h8=Q
Kc6 92. Qe8+ Kxb7 93. Qd7+ Ka6 94. Qd5 Ka7 95. Qc6 Kb8 96. a6 Ka7 97. Qb7# 1-0

[Event "ICS rated bullet match"]
[Site "204.178.125.65"]
[Date "2000.03.22"]
[Round "?"]
[White "slaven"]
[Black "Hossa"]
[Result "0-1"]
[WhiteElo "1414"]
[BlackElo "2397"]
[PlyCount "34"]

1. c4 e5 2. b3 Nf6 3. Bb2 Nc6 4. d3 Bb4+ 5. Nd2 d5 6. cxd5 Qxd5 7. a3 Bxd2+ 8.
Qxd2 Nd4 9. Bxd4 exd4 10. b4 Bg4 11. Nf3 a5 12. e3 Bxf3 13. gxf3 axb4 14. Rg1
Rxa3 15. Rxa3 bxa3 16. Rxg7 a2 17. Qb2 Qa5+ 0-1

[Event "ICS rated bullet match"]
[Site "204.178.125.65"]
[Date "2000.03.22"]
[Round "?"]
[White "Hossa"]
[Black "slaven"]
[Result "1-0"]
[WhiteElo "2397"]
[BlackElo "1445"]
[PlyCount "55"]

1. e4 c6 2. d4 d5 3. Nc3 dxe4 4. Nxe4 Bf5 5. Ng3 Bg6 6. h4 h6 7. Nf3 Nd7 8. h5
Bh7 9. Bd3 Bxd3 10. Qxd3 Qc7 11. Bd2 Ngf6 12. O-O-O O-O-O 13. c4 e6 14. Kb1 c5
15. Rh4 a6 16. d5 exd5 17. cxd5 Bd6 18. Nf5 Rhg8 19. Nxd6+ Qxd6 20. Bf4 Qe7 21.
Re1 Qf8 22. Bg3 g5 23. hxg6 Rxg6 24. Rc1 Re8 25. Rc2 Ne5 26. Nxe5 Rxe5 27. Bxe5
Qe7 28. Rxc5+ 1-0

[Event "ICS rated bullet match"]
[Site "204.178.125.65"]
[Date "2000.03.22"]
[Round "?"]
[White "slaven"]
[Black "Hossa"]
[Result "0-1"]
[WhiteElo "1439"]
[BlackElo "2397"]
[PlyCount "38"]

1. d4 Nf6 2. Nf3 e6 3. Bf4 d5 4. e3 Bd6 5. Bg5 Nbd7 6. Bd3 e5 7. dxe5 Nxe5 8.
Nxe5 Bxe5 9. c3 O-O 10. O-O c5 11. Nd2 Re8 12. Qc2 Bxh2+ 13. Kh1 Be5 14. Bxf6
Qxf6 15. Bxh7+ Kh8 16. g3 Qh6+ 17. Kg2 Bh3+ 18. Kf3 Qh5+ 19. g4 Qxg4# 0-1

[Event "ICS rated bullet match"]
[Site "204.178.125.65"]
[Date "2000.03.22"]
[Round "?"]
[White "Hossa"]
[Black "theconquerer"]
[Result "1-0"]
[WhiteElo "2397"]
[BlackElo "2494"]
[PlyCount "107"]

1. c4 Nf6 2. Nc3 d5 3. cxd5 Nxd5 4. e4 Nxc3 5. bxc3 g6 6. d4 Bg7 7. Nf3 O-O 8.
Bc4 c5 9. O-O cxd4 10. cxd4 Nc6 11. Be3 Bg4 12. Rb1 Bxf3 13. gxf3 Bxd4 14. Bh6
Bg7 15. Bxg7 Kxg7 16. Rxb7 Na5 17. Rd7 Qc8 18. Qd4+ Kg8 19. Bd5 Rb8 20. Rxe7
Nc6 21. Bxc6 Qxc6 22. Rxa7 Rfd8 23. Qe5 Re8 24. Re7 Rf8 25. Rc7 Qa6 26. Qd5 Ra8
27. Ra1 Qa5 28. Qxa5 Rxa5 29. f4 Rfa8 30. Rc2 Ra4 31. f3 Kg7 32. Kg2 Ra3 33. h4
h5 34. e5 R3a5 35. Rd2 Ra4 36. Kg3 R4a7 37. Rb2 Rc7 38. a4 Re7 39. a5 Rea7 40.
Rb5 Ra6 41. Kf2 R6a7 42. Ke3 Ra6 43. Ke4 Rd8 44. Rb6 Rda8 45. Rxa6 Rxa6 46. Kd5
f6 47. e6 Kf8 48. f5 Ke7 49. fxg6 Ra8 50. g7 f5 51. Ke5 f4 52. Rd1 Ke8 53.
g8=Q+ Ke7 54. Qf7# 1-0

[Event "ICS rated bullet match"]
[Site "204.178.125.65"]
[Date "2000.03.22"]
[Round "?"]
[White "theconquerer"]
[Black "Hossa"]
[Result "0-1"]
[WhiteElo "2474"]
[BlackElo "2417"]
[PlyCount "92"]

1. d4 Nf6 2. c4 e6 3. Nc3 Bb4 4. Qc2 d5 5. Nf3 dxc4 6. Bg5 c5 7. e3 cxd4 8.
Nxd4 Bxc3+ 9. Qxc3 e5 10. Nb5 O-O 11. Bxc4 Nc6 12. O-O Ne4 13. Qc2 Nxg5 14.
Rfd1 Qe7 15. Be2 a6 16. Nc3 Nb4 17. Qb3 Be6 18. Qa3 Bf5 19. Rac1 b5 20. Qa5
Rfe8 21. a3 Nc6 22. Qb6 Qe6 23. Nd5 Nd4 24. exd4 Qxd5 25. dxe5 Qxe5 26. Bf1
Qxb2 27. Qc5 Rac8 28. Qxf5 Rxc1 29. Rxc1 Qxc1 30. Qd7 Qc8 31. Qd5 Ne4 32. a4
Nc3 33. Qd3 Nxa4 34. Qd4 Nc3 35. Qd6 Re1 36. Qd3 Ne2+ 37. Qxe2 Rxe2 38. Bxe2
Qc1+ 39. Bf1 a5 40. g3 a4 41. h4 a3 42. h5 a2 43. h6 a1=Q 44. g4 Qxf1+ 45. Kh2
Qxf2+ 46. Kh3 Qh1# 0-1

[Event "ICS rated bullet match"]
[Site "204.178.125.65"]
[Date "2000.03.22"]
[Round "?"]
[White "Hossa"]
[Black "theconquerer"]
[Result "1-0"]
[WhiteElo "2436"]
[BlackElo "2455"]
[PlyCount "67"]

1. e4 d5 2. exd5 Nf6 3. Bb5+ Bd7 4. Bc4 Bg4 5. f3 Bf5 6. Nc3 g6 7. g4 Bd7 8. g5
Nh5 9. d4 Bg7 10. Nge2 O-O 11. Ng3 Nxg3 12. hxg3 c6 13. Qd2 cxd5 14. Qh2 h5 15.
gxh6 Bf6 16. h7+ Kh8 17. Bxd5 Bc6 18. Bh6 Bxd5 19. Bxf8 Qxf8 20. Nxd5 Bxd4 21.
c3 Bg7 22. Nc7 Nc6 23. Nxa8 Qxa8 24. O-O-O Qc8 25. Qh3 Qxh3 26. Rxh3 Bf8 27.
Rh2 e6 28. Rd7 Ne7 29. Rd8 Ng8 30. Rxf8 Kg7 31. hxg8=Q+ Kf6 32. Qxf7+ Ke5 33.
Qc7+ Kd5 34. Rd8# 1-0

[Event "ICS rated bullet match"]
[Site "204.178.125.65"]
[Date "2000.03.22"]
[Round "?"]
[White "Hossa"]
[Black "theconquerer"]
[Result "1-0"]
[WhiteElo "2468"]
[BlackElo "2423"]
[PlyCount "103"]

1. e4 d5 2. exd5 Nf6 3. d4 Nxd5 4. Nf3 g6 5. c4 Nf6 6. Nc3 Bg7 7. Bg5 O-O 8.
Be2 c5 9. dxc5 Qc7 10. Be3 Nbd7 11. b4 Rd8 12. Nb5 Qb8 13. Bd4 a6 14. Be5 Nxe5
15. Qxd8+ Bf8 16. Nbd4 Nxf3+ 17. Nxf3 Qf4 18. Rd1 b5 19. cxb6 Bb7 20. Qd4 Qxd4
21. Rxd4 e6 22. c5 a5 23. Ne5 axb4 24. c6 Bxc6 25. Nxc6 Bc5 26. b7 Rf8 27. Rd3
Nd5 28. b8=Q Rxb8 29. Nxb8 Nf4 30. Rd8+ Kg7 31. Bf3 b3 32. axb3 Bb4+ 33. Kf1
Ba5 34. Rd1 Bb4 35. Rd4 Bc5 36. Rxf4 e5 37. Ra4 Be7 38. Nd7 Bd6 39. Ra6 e4 40.
Bxe4 Be7 41. Bc6 h5 42. Ra4 Bd6 43. b4 Bxb4 44. Rxb4 h4 45. Ke2 g5 46. Ke3 Kg6
47. Ke4 f6 48. Nf8+ Kf7 49. Rb7+ Kg8 50. Ng6 f5+ 51. Kxf5 g4 52. Bd5# 1-0

[Event "ICS rated bullet match"]
[Site "204.178.125.65"]
[Date "2000.03.22"]
[Round "?"]
[White "theconquerer"]
[Black "Hossa"]
[Result "0-1"]
[WhiteElo "2409"]
[BlackElo "2482"]
[PlyCount "96"]

1. e4 c5 2. d4 cxd4 3. c3 dxc3 4. Nf3 cxb2 5. Bxb2 Nc6 6. Bc4 e6 7. O-O d6 8.
Nbd2 Nf6 9. e5 dxe5 10. Rc1 Bb4 11. Bb5 O-O 12. Bxc6 bxc6 13. Qe2 Bxd2 14. Nxd2
Ba6 15. Qe3 Ng4 16. Qf3 Qxd2 17. Qxg4 Be2 18. Qa4 Bxf1 19. Qb3 Rab8 20. Qc3
Qxb2 21. Qxb2 Rxb2 22. Kxf1 Rd8 23. g3 Rdd2 24. Rxc6 Rxf2+ 25. Kg1 Rg2+ 26. Kf1
h5 27. Rc1 Rxh2 28. Kg1 Rhg2+ 29. Kh1 Rxg3 30. a3 Rxa3 31. Kg1 f5 32. Kh1 Kf7
33. Kg1 g5 34. Kh1 Kf6 35. Kg1 a5 36. Kh1 a4 37. Kg1 Rd2 38. Kh1 Re3 39. Ra1 a3
40. Kg1 Red3 41. Kf1 Rd1+ 42. Rxd1 Rxd1+ 43. Ke2 Rd4 44. Ke3 f4+ 45. Ke2 a2 46.
Kf3 a1=Q 47. Kf2 Rd2+ 48. Kf3 Qh1# 0-1

[Event "ICS rated bullet match"]
[Site "204.178.125.65"]
[Date "2000.03.22"]
[Round "?"]
[White "Hossa"]
[Black "theconquerer"]
[Result "1-0"]
[WhiteElo "2495"]
[BlackElo "2396"]
[PlyCount "67"]

1. e4 d6 2. d4 g6 3. Nf3 Bg7 4. Bc4 Nf6 5. Nc3 O-O 6. O-O c5 7. dxc5 dxc5 8.
Qxd8 Rxd8 9. Ne5 Nc6 10. Bxf7+ Kf8 11. Nxc6 bxc6 12. Bb3 Nd7 13. Ne2 Nb6 14. c3
Ba6 15. Nf4 Bxf1 16. Ne6+ Ke8 17. Nxg7+ Kd7 18. Be6+ Kc7 19. Bf4+ Kb7 20. Rxf1
a5 21. Bg5 a4 22. Rb1 a3 23. Bxe7 Rd2 24. bxa3 Rxa3 25. Bxc5 Ra6 26. Bc4 Rdxa2
27. Bxa2 Rxa2 28. Bxb6 c5 29. Bxc5+ Kc6 30. Ne6 Kd7 31. Nf8+ Ke8 32. Nxh7 Kf7
33. Rb7+ Ke6 34. Re7# 1-0